000 00830nam a2200217Ii 4500
003 JO-AjNU
008 230605s9999||||xx |||||||||||||| ||und||
017 _a1988/268
040 _aJO-AjNU
_bara
_erda
_cJO-AjNU
041 _aara
050 1 4 _aQC688.S9312 1988
100 3 _aتاليف فلتو، اورازيور؛ ترجمة صبحية شريف عبدالله، ترجمة منعم مشكور,
_eauthor
_959286
245 0 0 _aمبادىء الليزرات
250 _aط2
264 3 1 _aالعراق: الموصل: دار الكتب للطباعة والنشر، 1988
300 _a484ص
_bيشتمل على صور توضيحية
336 _atext
_btxt
_2rdacontent
337 _aunmediated
_bn
_2rdamedia
338 _avolume
_bnc
_2rdacarrier
650 4 _aاشعة الليزر-الفيزياء النووية
_959287
999 _aA26671
_c30239
_d30239